| 000 | 00430nam a22001577a 4500 | ||
|---|---|---|---|
| 999 |
_c16649 _d16649 |
||
| 008 | 180207b xxu||||| |||| 00| 0 eng d | ||
| 020 | _a9351453925 | ||
| 040 |
_aKABU _cKABU |
||
| 050 |
_aHV6773 _b.F38 2016 c. 1 |
||
| 100 | _aFatima, Talat | ||
| 245 |
_aCyber crimes _cby Talat Fatima |
||
| 260 |
_aLucknow _bEastern Book Company _c2016 |
||
| 300 | _alxiv, 688 p. | ||
| 650 | _aComputer crimes | ||
| 942 |
_2lcc _cBK _hHV6773 |
||